000
00316nam a22001337a 4500
008
210303b ||||| |||| 00| 0 eng d
020
_a
9780070210585
041
_a
eng
080
_2
4th
_a
330.722.6
100
_a
62
101
_a
KM
245
_a
Working Papers-Financial Accounting
_c
Webster,S.R
942
_2
udc
_c
BK
999
_c
55612
_d
55612